000 01345cam a2200301 a 4500
005 20250331184356.0
008 170627s2016 ck gr 000 0 spa
015 _ack-2017-xxxx
020 _a978-958-9219-28-7
040 _aCO-CtgCURN
_bspa
_ccoctgcurn
041 1 _aspa
_heng
082 0 4 _a305.420941
_bS545
_223
100 1 _aShelley, Mary Wollstonecraft,
_d1797-1851.
245 1 0 _aVindicación de los derechos de la mujer /
_cMary Wollstonecraft ; traducción de Marta Lois González.
250 _aSegunda edicion.
260 _aBogotá :
_bTaurus,
_c2016
_g(2017)
300 _a150 paginas ;
_c18 cm.
490 0 _aTaurus. Great ideas ;
_v19
500 _a"Es tiempo de efectuar una revolución en el comportamiento de las mujeres, tiempo de restaurar su dignidad pérdida y de hacerlas trabajr para reformar el mundo con su propio cambio"--Cubierta.
534 _pTítulo original:
_tA vindication of the rights of woman.
596 _a7
650 1 4 _aDerechos de la mujer
_zGran Bretaña
_ySiglo XVIII.
650 2 4 _aFeminismo
_zGran Bretaña
_ySiglo XVIII.
700 1 _aLois González, Marta.
942 _aBK
_cBK
_h305.420941
_iS545
_2ddc
990 _a2017-5329
_bPenguin Random House
_c2 ejemplares
_d21
_e27/06/2017
_ga1004108
_m13/06/2017
_n12/06/2017
999 _c17742
_d17742